Datum a čas kvízu
13
Celkem bodů
Celkový počet nahraných bodů na tomto kvízu bez doplňovacích otázek.
10.
Pořadí na kvízu
Konečné umístění týmu na tomto kvízu.
Zaznamenané odpovědi
| # | Otázka | Odpověď | Body | Výsledky |
|---|---|---|---|---|
| 1. | Minulou neděli dopoledne dosed... | 0 | ||
| 2. | Nejmodernější typ policejního... | 0 | ||
| 3. | Ve zlínském obchodním a zábavn... | 0 | ||
| 4. | Po deseti letech končí udílení... | 0 | ||
| 5. | Velkou jarní cenu ovládl v ned... | 0 | ||
| 6. | Dědictví aneb Kurvahošigutntag... | 1 | ||
| 7. | V Brně na ulici Česká se natáč... | 1 | ||
| 8. | Kterou značku cigaret má Bohuš... | 1 | ||
| 9. | Kterou polévku si objednal prá... | 1 | ||
| 10. | Pták, kterého Bohuš koupil Ire... | 1 |